Landen van de Wereld zonder letter A - Statistieken

Algemene statistieken
  • Deze quiz is 333 keer genomen
  • De gemiddelde score is 28 van 47
Antwoordstatistieken
Antwoord % Correct
België
91%
Zweden
81%
Noorwegen
76%
Mexico
74%
Polen
73%
Oostenrijk
71%
Chili
68%
Turkije
68%
Egypte
67%
Jemen
65%
Luxemburg
65%
Litouwen
64%
Indonesië
62%
Liechtenstein
62%
Peru
62%
Slovenië
62%
Cyprus
60%
Tsjechië
60%
Fiji
58%
Kosovo
58%
Libië
58%
Republiek Congo
58%
Syrië
58%
Verenigd Koninkrijk
58%
Mongolië
57%
Roemenië
57%
Servië
56%
Niger
54%
Togo
54%
Tunesië
54%
Ethiopie
53%
Belize
52%
Benin
52%
Filipijnen
52%
Montenegro
52%
Brunei
51%
Comoren
51%
Djibouti
51%
Georgië
51%
Lesotho
51%
Burundi
50%
Ivoorkust
49%
Guinee
48%
Koeweit
47%
Oost-Timor
47%
Seychellen
47%
Kirgizië
42%
Geen overeenkomende quizzen gevonden
Scoreverdeling
Procent van Mensen met Elke Score
Percentiel versus Aantal Correcte Antwoorden
Uw Scoregeschiedenis
U heeft deze quiz nog niet genomen